Locke, Berkeley, Hume: temas centrales
I tiakina i:
| Kaituhi matua: | |
|---|---|
| Hōputu: | Pukapuka |
| Reo: | Pāniora |
| I whakaputaina: |
Ciudad de México
Universidad Nacional Autónoma de México
1988
|
| Rangatū: | Colección Filosofía Contemporánea
|
| Ngā marau: | |
| Ngā Tūtohu: |
Tāpirihia he Tūtohu
Kāore He Tūtohu, Me noho koe te mea tuatahi ki te tūtohu i tēnei pūkete!
|
MARC
| LEADER | 00000nam a2200000 a 4500 | ||
|---|---|---|---|
| 001 | UCX3225 | ||
| 003 | CL-VaPUC | ||
| 005 | 20241105102508.0 | ||
| 008 | 911015e19880000MX |||||||||||||||||spa|d | ||
| 999 | |c 224032 |d 224030 | ||
| 040 | |c Pontificia Universidad Católica de Valparaíso | ||
| 082 | 0 | 4 | |a 160 |b BEN |2 21 |
| 100 | 0 | |a Bennett, Jonathan Francois |e author |9 319328 | |
| 245 | 1 | 0 | |a Locke, Berkeley, Hume: temas centrales |
| 260 | |a Ciudad de México |b Universidad Nacional Autónoma de México |c 1988 | ||
| 300 | |a 455 p | ||
| 490 | 0 | |a Colección Filosofía Contemporánea | |
| 583 | |a last modification |c 19911015 00:00:00 |k Rodrigo Vera | ||
| 600 | 0 | |a Locke, John |d 1632-1704 |9 860808 | |
| 600 | 0 | 7 | |a BERKELEY, GEORGE |2 CL-VaPUC |9 315231 |
| 600 | 0 | |a Hume, David |d 1711-1776 |9 319329 | |
| 650 | 0 | |a Lógica |9 256849 | |
| 650 | 0 | |a Significado |9 319330 | |
| 650 | 7 | |a CAUSALIDAD |2 CL-VaPUC |9 225420 | |
| 650 | 0 | |a Objetividad |9 319331 | |
| 852 | |a BIBCUR | ||
| 942 | |c BK |2 ddc | ||
| 945 | |d 19911015 00:00:00 | ||
| 952 | |0 0 |1 0 |4 0 |6 160_000000000000000_BEN_1988 |7 0 |8 A |9 220397 |a BIBEDU |b BIBEDU |d 2019-11-15 |i 2891131 |l 1 |m 2 |o 160 BEN 1988 |p 2891131 |r 2022-03-23 |s 2022-03-03 |w 2019-11-15 |y BK |k FIL | ||